000 00760cam a2200265 c 4500
001 0519
003 DO-SdBNP
005 20221121101235.0
008 180126b2011 sp || 00| 0 spa d
020 _a9788483651414
040 _aBPMSU
_bspa
_cBPMSU
080 _a
082 4 _a853.91
_bV648h 2011
_222
100 1 _aVidal, César
245 1 3 _aLa hija del papa /
_cCésar Vidal
260 _a[Madrid] :
_bSuma de Letras,
_c2011
300 _a251 p. ;
_c25 cm.
500 _3Incluye datos biográficos del autor en la solapa de la cubierta
590 _6Inventariado, 2022/VM
600 1 4 _aBorgia, Lucrecia,
_d1480-1519
_vNovela
600 1 4 _aBorgia (Familia)
_vNovela
_x
650 4 _aNovela italiana
910 _aVMateo V. /Validado
942 _2ddc
_cBK
999 _c10874
_d10874